[Event "Ïåðâåíñòâî Ìîñêâû ïî øàõìàòàì 2015 ñðåäè ìàëü÷èêîâ (Ì13)"]
[Site "Moscow"]
[Date "2015.11.12"]
[Round "1.1"]
[White "Ïîãîñÿí, Ñòåôàí"]
[Black "Òðîôèìîâ, Áîðèñ"]
[Result "1-0"]
[WhiteElo "2057"]
[BlackElo "1560"]
[PlyCount "0"]
[EventDate "2015.11.12"]

1.d4 d5 2.c4 c6 3.e3 Nf6 4.Nf3 Bf5 5.Nc3 e6 6.Be2 Be7 7.Nh4 Bg6
8.Nxg6 hxg6 9.Bd2 Qc7 10.h3 Nbd7 11.Rc1 O-O 12.O-O Rfd8 13.Qb3
Qb6 14.Qxb6 axb6 15.Rfd1 dxc4 16.Bxc4 b5 17.Bb3 Nb6 18.Be1 Nbd5
19.Kf1 Kf8 20.Ke2 Rd7 21.f3 Rad8 22.Ne4 Nxe4 23.fxe4 Nf6 24.e5
Nd5 25.Bd2 Kg8 26.e4 Nb4 27.a3 Rxd4 28.axb4 Rxe4+ 29.Kf3 Rdd4
30.Bc2 Rxe5 31.Bc3 Rxd1 32.Rxd1 Rd5 33.Ra1 Rd7 34.Ra8+ Kh7 35.b3
Bd6 36.g4 Be7 37.Ra7 f5 38.Ra8 fxg4+ 39.Kxg4 Bf6 40.Be1 Rd4+
41.Kf3 e5 42.Be4 Rd6 43.h4 Rd1 44.Bg3 Rh1 45.Kg4 Rd1 46.h5 Rd8
47.Rxd8 Bxd8 48.hxg6+ Kg8 49.Bxe5 1-0

[Event "Ïåðâåíñòâî Ìîñêâû ïî øàõìàòàì 2015 ñðåäè ìàëü÷èêîâ (Ì13)"]
[Site "Moscow"]
[Date "2015.11.12"]
[Round "1.2"]
[White "Çàéöåâ, Þðèé"]
[Black "Ïðèâàëîâ, Èãîðü"]
[Result "0-1"]
[WhiteElo "1554"]
[BlackElo "2011"]
[PlyCount "0"]
[EventDate "2015.11.12"]

1.e4 c5 2.Nc3 Nc6 3.g3 g6 4.Bg2 Bg7 5.d3 e6 6.Nge2 Nge7 7.O-O
O-O 8.Be3 Nd4 9.Qd2 Nec6 10.Nd1 Nxe2+ 11.Qxe2 d6 12.f4 Rb8 13.e5
Nd4 14.Qf2 dxe5 15.c3 exf4 16.gxf4 Nf5 17.Bxc5 Re8 18.Bxa7 Ra8
19.Be4 Nd6 20.Bb6 Nxe4 21.dxe4 Qd3 22.Qe3 Qc4 23.b3 Qc6 24.Rf2
e5 25.f5 Ra6 26.Bc5 gxf5 27.exf5 Bh6 28.Rg2+ Qxg2+ 29.Kxg2 Bxe3
30.Nxe3 Rd8 31.Kf3 b6 32.Rg1+ Kh8 33.Be7 Bb7+ 34.Ke2 Rxa2+ 35.Kf1
Ra1+ 36.Kf2 Rd2+ 37.Kg3 Rxg1+ 38.Kh4 Rxh2# 0-1

[Event "Ïåðâåíñòâî Ìîñêâû ïî øàõìàòàì 2015 ñðåäè ìàëü÷èêîâ (Ì13)"]
[Site "Moscow"]
[Date "2015.11.12"]
[Round "1.3"]
[White "Ìàêàðÿí, Ðóäèê"]
[Black "Èâàíîâ, Èëüÿ"]
[Result "1-0"]
[WhiteElo "1988"]
[BlackElo "1544"]
[PlyCount "0"]
[EventDate "2015.11.12"]

1.d4 e6 2.g3 d5 3.Bg2 Nf6 4.Nf3 Be7 5.O-O O-O 6.c4 c6 7.Nc3 Nbd7
8.Qd3 b6 9.e4 dxe4 10.Nxe4 Nxe4 11.Qxe4 Bb7 12.Bf4 Nf6 13.Qe2
Bd6 14.Ne5 Bxe5 15.dxe5 Nd7 16.Rad1 Qc7 17.Rd6 c5 18.Bxb7 Qxb7
19.Rfd1 Nb8 20.Qg4 Kh8 21.Bg5 Nc6 22.Qe4 Nd8 23.Qxb7 Nxb7 24.Rd7
Na5 25.b3 Nc6 26.Be7 Rfe8 27.Bd6 Rad8 28.Rxf7 Nxe5 29.Rxa7 Kg8
30.Rb7 Nf7 31.Rxb6 Rd7 32.a4 Red8 33.a5 Rxd6 34.Rdxd6 Rxd6 35.Rb8+
Rd8 36.Rb5 Rc8 37.a6 Nd6 38.a7 1-0

[Event "Ïåðâåíñòâî Ìîñêâû ïî øàõìàòàì 2015 ñðåäè ìàëü÷èêîâ (Ì13)"]
[Site "Moscow"]
[Date "2015.11.12"]
[Round "1.4"]
[White "Êàçàêîâ, Ãëåá"]
[Black "Ñòóêàí, Ìàðòèí"]
[Result "0-1"]
[WhiteElo "1522"]
[BlackElo "1910"]
[PlyCount "0"]
[EventDate "2015.11.12"]

1.e4 e5 2.Nf3 Nc6 3.Bc4 Bc5 4.c3 Nf6 5.d4 exd4 6.e5 d5 7.Bb5
Ne4 8.cxd4 Bb4+ 9.Bd2 Nxd2 10.Bxc6+ bxc6 11.Nbxd2 a5 12.O-O O-O
13.a3 Be7 14.Ne1 Ba6 15.Rc1 Rb8 16.Qc2 Bxf1 17.Kxf1 Rb6 18.Nd3
Qc8 19.Kg1 Qf5 20.Qc3 Bg5 21.Re1 Rfb8 22.Nf1 Rb3 23.Qxc6 Qxd3
24.Qxd5 Rd8 25.Qxa5 Rb5 26.Qxc7 Rxb2 27.Qc6 Qxd4 28.e6 Qxf2+
29.Kh1 Be3 30.exf7+ Kf8 31.Rd1 Qg1# 0-1

[Event "Ïåðâåíñòâî Ìîñêâû ïî øàõìàòàì 2015 ñðåäè ìàëü÷èêîâ (Ì13)"]
[Site "Moscow"]
[Date "2015.11.12"]
[Round "1.5"]
[White "Ìèíüêî, Äìèòðèé"]
[Black "Æåðäåâ, Ñâÿòîñëàâ"]
[Result "0-1"]
[WhiteElo "1903"]
[BlackElo "1519"]
[PlyCount "0"]
[EventDate "2015.11.12"]

1.e4 d5 2.exd5 Nf6 3.d4 Nxd5 4.c4 Nb6 5.Nc3 g6 6.c5 Nd5 7.Bc4
c6 8.Nf3 Bg7 9.O-O O-O 10.Re1 Bg4 11.Be3 Re8 12.h3 Bf5 13.Qb3
Be6 14.Ng5 Qd7 15.Nxe6 fxe6 16.Rad1 Rf8 17.Bg5 Rf5 18.Bc1 Qc8
19.Re4 Nd7 20.Rde1 Nf8 21.g4 Rf7 22.Ne2 Qd7 23.Nc3 Rb8 24.Qd1
b6 25.Bxd5 cxd5 26.Rf4 Rxf4 27.Bxf4 Rb7 28.cxb6 Rxb6 29.Na4 Rb4
30.Nc5 Qc6 31.Be5 Bxe5 32.Rxe5 Rxb2 33.a4 Qb6 34.Qf3 Rb4 35.Qe3
Rb1+ 36.Kg2 Rb4 37.Kg1 Rb1+ 0-1

[Event "Ïåðâåíñòâî Ìîñêâû ïî øàõìàòàì 2015 ñðåäè ìàëü÷èêîâ (Ì13)"]
[Site "Moscow"]
[Date "2015.11.12"]
[Round "1.6"]
[White "Ïëàêñèí, Èãîðü"]
[Black "Ñààêÿí, Âààãí"]
[Result "1/2-1/2"]
[WhiteElo "1516"]
[BlackElo "1902"]
[PlyCount "0"]
[EventDate "2015.11.12"]

1.e4 c5 2.Nf3 Nc6 3.d4 cxd4 4.Nxd4 Nf6 5.Nc3 e5 6.Ndb5 d6 7.Bg5
a6 8.Na3 b5 9.Nd5 Be7 10.Bxf6 Bxf6 11.c3 O-O 12.Be2 Bg5 13.O-O
Bb7 14.Nc2 Ne7 15.Ncb4 Kh8 16.Nxe7 Qxe7 17.Nd5 Bxd5 18.Qxd5 g6
19.a4 bxa4 20.Rxa4 Rfb8 21.b4 Qc7 22.Rxa6 Rxa6 23.Bxa6 Qxc3 24.Qxd6
Qxb4 25.Qxe5+ f6 26.Qe6 Qa4 27.Qd6 Re8 28.Bb7 Qa7 29.Bc6 Qe7
30.Rd1 Qxd6 31.Rxd6 Rb8 32.g3 Rf8 33.Kg2 Kg7 34.Bd5 Bc1 35.Rd7+
Kh6 36.f4 Bb2 37.Kh3 Bc3 38.Re7 Rd8 39.Bf7 Bb4 40.Re6 Bc3 41.Be8
Bb2 42.Bc6 Bc3 43.Kg4 Rf8 44.Bb5 f5+ 45.exf5 Rxf5 46.Bd3 Rf7
47.f5 Rf6 48.Rxf6 Bxf6 49.h4 gxf5+ 50.Kxf5 Kg7 51.h5 h6 52.Bc4
Bg5 1/2-1/2

[Event "Ïåðâåíñòâî Ìîñêâû ïî øàõìàòàì 2015 ñðåäè ìàëü÷èêîâ (Ì13)"]
[Site "Moscow"]
[Date "2015.11.12"]
[Round "1.7"]
[White "Òàðàñîâ, Äàíèëà"]
[Black "Êíÿçåâ, Àðòåì"]
[Result "1-0"]
[WhiteElo "1893"]
[BlackElo "1504"]
[PlyCount "0"]
[EventDate "2015.11.12"]

1.e4 c5 2.Nf3 a6 3.d4 cxd4 4.c3 e6 5.cxd4 Bb4+ 6.Bd2 Bxd2+ 7.Nbxd2
Ne7 8.Bd3 O-O 9.O-O d5 10.e5 b5 11.Qc2 Nbc6 12.Bxh7+ Kh8 13.Bd3
Bb7 14.Rfe1 Rc8 15.Qd1 Ng8 16.Re3 Nh6 17.Bb1 Ne7 18.Nh4 Nc6 19.Ndf3
g5 20.Qd3 f5 21.exf6 Rf7 22.Nxg5 Qxf6 23.Nxf7+ Qxf7 24.Rxe6 Rg8
25.Rxh6+ Kg7 26.Rh7+ Kf8 27.Rxf7+ 1-0

[Event "Ïåðâåíñòâî Ìîñêâû ïî øàõìàòàì 2015 ñðåäè ìàëü÷èêîâ (Ì13)"]
[Site "Moscow"]
[Date "2015.11.12"]
[Round "1.8"]
[White "Àãàáåêîâ, Ñàâåëèé"]
[Black "Ëóïîëîâ, Áîðèñ"]
[Result "0-1"]
[WhiteElo "1502"]
[BlackElo "1889"]
[PlyCount "0"]
[EventDate "2015.11.12"]

1.d4 d5 2.g3 Bf5 3.Bg2 e6 4.Nf3 c5 5.O-O Nc6 6.c4 dxc4 7.Qa4
Qa5 8.Qxc4 Nf6 9.Nc3 Rc8 10.d5 Nb4 11.e4 exd5 12.Nxd5 Be6 13.Ng5
b5 14.Qe2 Be7 15.Nxe7 Kxe7 16.Nxe6 fxe6 17.e5 Nd7 18.Bg5+ Ke8
19.a3 Nc6 20.Qh5+ g6 21.Qg4 Nd4 22.Bf6 Nxf6 23.exf6 Kf7 24.b4
Qb6 25.bxc5 Qxc5 26.Rfc1 Qe5 27.Kf1 Qxf6 28.Rd1 Rhd8 29.Rac1
Nf5 30.Qf3 Rxd1+ 31.Rxd1 Rc7 32.g4 Ne7 33.Ke1 Qxf3 34.Bxf3 Rc3
35.Be2 a6 36.Rd3 Nd5 37.Kd2 Rxd3+ 38.Bxd3 Kf6 39.a4 bxa4 40.Bxa6
h5 41.gxh5 gxh5 42.Bc4 Kf5 43.Ke2 Kf4 44.h3 h4 45.Bd3 a3 46.Bc4
a2 0-1

[Event "Ïåðâåíñòâî Ìîñêâû ïî øàõìàòàì 2015 ñðåäè ìàëü÷èêîâ (Ì13)"]
[Site "Moscow"]
[Date "2015.11.12"]
[Round "1.9"]
[White "Ñóááîòèí, Ìóðàò"]
[Black "Èâàíîâ-×åðíåö, Êèðèëë"]
[Result "1-0"]
[WhiteElo "1862"]
[BlackElo "1491"]
[PlyCount "0"]
[EventDate "2015.11.12"]

1.e4 e6 2.d3 d5 3.Nd2 c5 4.Ngf3 Nf6 5.g3 Qa5 6.Bg2 dxe4 7.dxe4
Nxe4 8.O-O Nxd2 9.Bxd2 Qb6 10.Bc3 Nc6 11.Ne5 Nxe5 12.Bxe5 f6
13.Bc3 Qc7 14.Re1 Bd6 15.Bd5 O-O 16.Bxe6+ Bxe6 17.Rxe6 Rad8 18.Qe2
a6 19.Rd1 b5 20.b3 Kh8 21.Qe4 b4 22.Bb2 Qb8 23.Rd3 a5 24.Qc6
Bc7 25.Qxc5 Rxd3 26.cxd3 Rd8 27.Rc6 Be5 28.Bxe5 fxe5 29.Rc7 h6
30.Qe7 Rg8 31.Qxe5 Qd8 32.d4 Qa8 33.d5 Qb8 1-0

[Event "Ïåðâåíñòâî Ìîñêâû ïî øàõìàòàì 2015 ñðåäè ìàëü÷èêîâ (Ì13)"]
[Site "Moscow"]
[Date "2015.11.12"]
[Round "1.10"]
[White "Ùåðáàêîâ, Ìèõàèë"]
[Black "Ïîëÿêîâ, Àíòîí"]
[Result "0-1"]
[WhiteElo "1485"]
[BlackElo "1797"]
[PlyCount "0"]
[EventDate "2015.11.12"]

1.e4 e5 2.d4 exd4 3.Qxd4 Nc6 4.Qe3 Nf6 5.Nc3 Bb4 6.Bd2 d6 7.O-O-O
O-O 8.Qg3 Ne5 9.f4 Bxc3 10.Bxc3 Nxe4 11.Qe1 Nxc3 12.Qxc3 Ng4
13.Qg3 Re8 14.Be2 Ne3 15.Rd3 Nf5 16.Qf2 Be6 17.Ra3 Qf6 18.Nf3
Bd5 19.Rd1 Qe6 20.Re1 Bxf3 21.gxf3 Qh6 22.Ra4 Qh4 23.Qxh4 Nxh4
24.Kd2 Re7 25.Re4 Rae8 26.Bd1 Rxe4 27.Rxe4 Rxe4 28.fxe4 f5 29.Ke3
Kf7 30.exf5 Nxf5+ 31.Ke4 Ke6 32.Bg4 d5+ 33.Kd3 g6 34.c4 Kd6 35.cxd5
Ne7 36.Ke4 Nxd5 37.f5 Nf6+ 38.Kf4 Nxg4 39.Kxg4 Ke7 0-1

[Event "Ïåðâåíñòâî Ìîñêâû ïî øàõìàòàì 2015 ñðåäè ìàëü÷èêîâ (Ì13)"]
[Site "Moscow"]
[Date "2015.11.12"]
[Round "1.11"]
[White "Áóþêëè, Åãîð"]
[Black "Äìèòðèåâ, Ëåîíèä"]
[Result "1-0"]
[WhiteElo "1783"]
[BlackElo "1475"]
[PlyCount "0"]
[EventDate "2015.11.12"]

1.d4 d5 2.Nf3 Nf6 3.Bf4 Bf5 4.e3 e6 5.Nbd2 Bd6 6.Ne5 Nc6 7.Bb5
Bxe5 8.dxe5 Nd7 9.Nb3 Bg6 10.h4 h6 11.h5 Bf5 12.Bxc6 bxc6 13.Nd4
Qe7 14.c3 Nc5 15.O-O Bd3 16.Re1 O-O 17.b4 Be4 18.bxc5 Qxc5 19.g4
Qc4 20.g5 c5 21.Nb3 hxg5 22.Bxg5 Qxc3 23.h6 Qxe5 24.f4 Qf5 25.Nxc5
gxh6 26.Nxe4 Qxe4 27.Bxh6 Rfd8 28.Kf2 d4 29.exd4 Qxd4+ 30.Qxd4
Rxd4 31.Rh1 f5 32.Rag1+ Kf7 33.Rg7+ Ke8 34.Rg8+ Kd7 35.Rxa8 1-0

[Event "Ïåðâåíñòâî Ìîñêâû ïî øàõìàòàì 2015 ñðåäè ìàëü÷èêîâ (Ì13)"]
[Site "Moscow"]
[Date "2015.11.12"]
[Round "1.13"]
[White "Æóêîâ, Àíòîí"]
[Black "Êàðàåâ, Àðòóð"]
[Result "1/2-1/2"]
[WhiteElo "1771"]
[BlackElo "1462"]
[PlyCount "0"]
[EventDate "2015.11.12"]

1.d4 d5 2.c4 c6 3.Nf3 Bf5 4.Nc3 e6 5.Bf4 Nf6 6.e3 Nbd7 7.Bd3
Bxd3 8.Qxd3 Be7 9.h3 h6 10.O-O O-O 11.Rac1 Nb6 12.b3 Rc8 13.Rfd1
c5 14.dxc5 Bxc5 15.cxd5 Nbxd5 16.Nxd5 Nxd5 17.Bg3 Qa5 18.a4 Rfd8
19.Qb5 Qxb5 20.axb5 Bb6 21.Kh2 Re8 22.Rc4 Nc3 23.Rxc8 Rxc8 24.Rc1
Ba5 25.Nd4 Rd8 26.f3 Rd5 27.Be1 Nxb5 28.Nxe6 Bxe1 29.Rc8+ Kh7
30.Nf8+ Kg8 1/2-1/2

[Event "Ïåðâåíñòâî Ìîñêâû ïî øàõìàòàì 2015 ñðåäè ìàëü÷èêîâ (Ì13)"]
[Site "Moscow"]
[Date "2015.11.12"]
[Round "1.14"]
[White "Ãîðíîñòàåâ, ßêîâ"]
[Black "×åðâîíåíêèñ, Áîðèñ"]
[Result "0-1"]
[WhiteElo "1452"]
[BlackElo "1766"]
[PlyCount "0"]
[EventDate "2015.11.12"]

1.c4 e5 2.Nf3 Nc6 3.Nc3 Nf6 4.d4 exd4 5.Nxd4 Bc5 6.e3 O-O 7.Be2
d6 8.O-O a6 9.Nxc6 bxc6 10.a3 d5 11.b4 Bd6 12.c5 Be5 13.Bb2 Bf5
14.f4 Bxc3 15.Bxc3 Qe7 16.Rf3 Ne4 17.Bb2 Bg4 18.Rf1 Nc3 19.Bxc3
Qxe3+ 20.Rf2 Bxe2 21.Qc2 Bd3 22.Qb2 Rfe8 23.h3 f6 24.Re1 Qg3
25.Rxe8+ Rxe8 26.Rf3 Qg6 27.Qf2 Re2 28.Qg3 Be4 29.Qxg6 hxg6 30.Rg3
Ra2 31.Bd4 Kf7 32.h4 Rd2 33.Bc3 Ra2 34.Bd4 Kf8 35.Kh2 Kg8 36.h5
gxh5 37.Bxf6 g6 38.Bd8 d4 39.Bf6 d3 40.Bc3 d2 41.Bxd2 Rxd2 0-1

[Event "Ïåðâåíñòâî Ìîñêâû ïî øàõìàòàì 2015 ñðåäè ìàëü÷èêîâ (Ì13)"]
[Site "Moscow"]
[Date "2015.11.12"]
[Round "1.15"]
[White "Ëåâêèí, Ëåâ"]
[Black "Ìàêñèìåíêî, Àðñåíèé"]
[Result "1/2-1/2"]
[WhiteElo "1734"]
[BlackElo "1451"]
[PlyCount "0"]
[EventDate "2015.11.12"]

1.d4 d5 2.c4 e6 3.Nc3 Nf6 4.Nf3 Be7 5.cxd5 Nxd5 6.e4 Nxc3 7.bxc3
O-O 8.Bd3 b6 9.O-O Bb7 10.Bb2 c5 11.Qc2 h6 12.Rad1 Qc7 13.Nd2
cxd4 14.cxd4 Qxc2 15.Bxc2 Nc6 16.a3 Rfd8 17.Nf3 Rac8 18.Bb1 Na5
19.Ne5 Bd6 20.a4 Bxe5 21.dxe5 Nb3 22.f3 Nd2 23.Rfe1 Nxb1 24.Rxd8+
Rxd8 25.Rxb1 Rd2 26.a5 bxa5 27.Bc3 Rc2 28.Bxa5 Ba6 29.Be1 Bc4
30.Rb8+ Kh7 31.Rb7 Rc1 32.Kf2 Rc2+ 33.Kg3 Bf1 34.Bf2 Kg6 35.Rxa7
f5 36.exf6 gxf6 37.Ra1 Bd3 38.Rd1 Be2 39.Rd6 e5 40.h4 Rc3 41.h5+
Kg5 42.Kh3 Rd3 43.Bh4+ Kxh5 44.Rxf6 Bf1 45.Rf5+ Kg6 46.Rxe5 Rxf3+
47.Kh2 Re3 48.Re6+ Kh5 49.Bg3 Re2 50.Kg1 Rxg2+ 51.Kxf1 1/2-1/2

[Event "Ïåðâåíñòâî Ìîñêâû ïî øàõìàòàì 2015 ñðåäè ìàëü÷èêîâ (Ì13)"]
[Site "Moscow"]
[Date "2015.11.12"]
[Round "1.16"]
[White "Êàëèòà, Äàíèèë"]
[Black "Ìàõëèí, Ìèðîí"]
[Result "1-0"]
[WhiteElo "1448"]
[BlackElo "1726"]
[PlyCount "0"]
[EventDate "2015.11.12"]

1.d4 Nf6 2.c4 c5 3.e3 e6 4.Nf3 Nc6 5.Nc3 d5 6.b3 Bd6 7.Bb2 a6
8.Be2 O-O 9.O-O cxd4 10.Nxd4 Nxd4 11.Qxd4 dxc4 12.Bxc4 b5 13.Be2
Bb7 14.Rfd1 Bc7 15.Qc5 Qb8 16.h3 Rc8 17.Qg5 Be5 18.Rac1 Ne4 19.Nxe4
Bxb2 20.Rxc8+ Qxc8 21.Nd6 Bf6 22.Qh5 Qc7 23.Nxb7 Qxb7 24.Bf3
Qa7 25.Bxa8 Qxa8 26.Qc5 1-0

[Event "Ïåðâåíñòâî Ìîñêâû ïî øàõìàòàì 2015 ñðåäè ìàëü÷èêîâ (Ì13)"]
[Site "Moscow"]
[Date "2015.11.12"]
[Round "1.17"]
[White "Áåëèêîâ, Ñåìåí"]
[Black "Íèêóëüøèí, Àëåêñåé"]
[Result "1-0"]
[WhiteElo "1724"]
[BlackElo "1440"]
[PlyCount "0"]
[EventDate "2015.11.12"]

1.e4 e6 2.d4 d5 3.Nc3 dxe4 4.Nxe4 Nd7 5.Nf3 Ngf6 6.Bd3 Be7 7.O-O
O-O 8.Re1 b6 9.Bg5 Bb7 10.Nxf6+ Nxf6 11.c3 Rc8 12.Qe2 Ra8 13.Rad1
Qc8 14.Ne5 Rd8 15.Bxf6 Bxf6 16.Bxh7+ Kxh7 17.Qh5+ Kg8 18.Qxf7+
Kh7 19.Re3 Bxg2 20.Kxg2 Qb7+ 21.Kg1 Bh4 22.Rh3 Qe4 23.Qh5+ Kg8
24.Rxh4 Qxh4 25.Qxh4 Rd5 26.Rd3 Rad8 27.Qh5 c5 28.Qf7+ Kh7 29.Rh3# 1-0

[Event "Ïåðâåíñòâî Ìîñêâû ïî øàõìàòàì 2015 ñðåäè ìàëü÷èêîâ (Ì13)"]
[Site "Moscow"]
[Date "2015.11.12"]
[Round "1.18"]
[White "Èâàñåíêî, Äìèòðèé"]
[Black "Ëóêüÿíåíêî, Àðòåìèé"]
[Result "0-1"]
[WhiteElo "1428"]
[BlackElo "1711"]
[PlyCount "0"]
[EventDate "2015.11.12"]

1.e4 Nc6 2.Nc3 g6 3.d3 Bg7 4.g3 d6 5.Bg2 e5 6.Be3 Nf6 7.Nge2
O-O 8.O-O Ng4 9.Bd2 Ne7 10.f3 Nf6 11.Qc1 Ne8 12.Bg5 c6 13.Kh1
Qc7 14.Qd2 f6 15.Be3 Be6 16.f4 d5 17.Bc5 Nd6 18.fxe5 fxe5 19.Na4
d4 20.Qb4 Nec8 21.Bxd6 Nxd6 22.Nc5 Bg4 23.Qb3+ Rf7 24.Bf3 Bd7
25.Rf2 Bh6 26.Bg2 b6 27.Nxd7 Qxd7 28.Raf1 Raf8 29.Rxf7 Rxf7 30.Rxf7
Nxf7 31.c3 dxc3 32.Qxc3 Be3 33.h3 c5 34.b3 h5 0-1

[Event "Ïåðâåíñòâî Ìîñêâû ïî øàõìàòàì 2015 ñðåäè ìàëü÷èêîâ (Ì13)"]
[Site "Moscow"]
[Date "2015.11.12"]
[Round "1.19"]
[White "Àðáóçîâ, Òèìîôåé"]
[Black "Ñàõèí, Ëåîíèä"]
[Result "0-1"]
[WhiteElo "1701"]
[BlackElo "1421"]
[PlyCount "0"]
[EventDate "2015.11.12"]

1.e4 e6 2.d4 d5 3.exd5 exd5 4.Qf3 Nf6 5.h3 Be7 6.Bd3 O-O 7.Ne2
b6 8.Be3 Bb7 9.Nd2 Nbd7 10.c3 Re8 11.O-O-O Qc8 12.Kb1 c5 13.g4
Bd6 14.h4 Ne4 15.g5 Nf8 16.h5 Ba6 17.Bc2 Qe6 18.Ka1 Nxg5 19.Qg2
Bxe2 20.Rde1 Qg4 21.Qxg4 Bxg4 22.Bxg5 Rxe1+ 23.Rxe1 Bxh5 24.dxc5
bxc5 25.Ba4 Rc8 26.Nb3 h6 27.Be3 Ne6 28.Na5 d4 29.cxd4 cxd4 30.Bd2
g5 31.Nc6 Rc7 32.Ba5 Rb7 33.Re4 Bf3 34.Re1 h5 35.Bd2 h4 36.Rg1
g4 37.Na5 Rc7 38.Bd1 Bxd1 39.Rxd1 f5 0-1

[Event "Ïåðâåíñòâî Ìîñêâû ïî øàõìàòàì 2015 ñðåäè ìàëü÷èêîâ (Ì13)"]
[Site "Moscow"]
[Date "2015.11.12"]
[Round "1.20"]
[White "Ãóáàíîâ, Òèìîôåé"]
[Black "Ìèøóðèñ, Ìàòâåé"]
[Result "0-1"]
[WhiteElo "1418"]
[BlackElo "1693"]
[PlyCount "0"]
[EventDate "2015.11.12"]

1.d4 Nf6 2.c4 g6 3.Nc3 Bg7 4.e4 d6 5.Nf3 O-O 6.Be2 Nbd7 7.O-O
e5 8.Re1 c6 9.Bf1 Qc7 10.h3 Re8 11.Rb1 a5 12.dxe5 dxe5 13.Na4
b6 14.Qc2 Bb7 15.c5 b5 16.Nb6 Nxb6 17.cxb6 Qxb6 18.Be3 Qd8 19.Rbd1
Qc8 20.Bb6 Nd7 21.Bc5 Nxc5 22.Qxc5 Qe6 23.Ng5 Qf6 24.h4 h6 25.Rd7
hxg5 26.Rxb7 gxh4 27.Rc1 Rac8 28.Rb6 Bf8 29.Rxc6 Bxc5 30.Rxf6
Bxf2+ 31.Rxf2 Rxc1 0-1

[Event "Ïåðâåíñòâî Ìîñêâû ïî øàõìàòàì 2015 ñðåäè ìàëü÷èêîâ (Ì13)"]
[Site "Moscow"]
[Date "2015.11.12"]
[Round "1.21"]
[White "Ñîëîâüåâ, Âëàäèñëàâ"]
[Black "Ïàâëîâ, Èâàí"]
[Result "1-0"]
[WhiteElo "1692"]
[BlackElo "1394"]
[PlyCount "0"]
[EventDate "2015.11.12"]

1.e4 e6 2.d4 d5 3.Nd2 dxe4 4.Nxe4 Nd7 5.Nf3 Ngf6 6.Nxf6+ Nxf6
7.Bd3 Be7 8.Qe2 O-O 9.Bg5 Qd5 10.O-O Bd7 11.Rfe1 c5 12.Bc4 Qd6
13.Rad1 Rfe8 14.dxc5 Qc7 15.b4 Bc6 16.Ne5 Rad8 17.Nxf7 1-0

[Event "Ïåðâåíñòâî Ìîñêâû ïî øàõìàòàì 2015 ñðåäè ìàëü÷èêîâ (Ì13)"]
[Site "Moscow"]
[Date "2015.11.12"]
[Round "1.22"]
[White "Òèøêèí, Áîðèñ"]
[Black "Àí÷èêîâ, Âëàäèìèð"]
[Result "0-1"]
[WhiteElo "1390"]
[BlackElo "1691"]
[PlyCount "0"]
[EventDate "2015.11.12"]

1.d4 d5 2.c4 e6 3.Nc3 Be7 4.Bf4 Nf6 5.e3 O-O 6.Nf3 c5 7.dxc5
Bxc5 8.Bg5 dxc4 9.Bxc4 Nc6 10.O-O h6 11.Bh4 Be7 12.Qc2 a6 13.Rfd1
Nd7 14.Bg3 b5 15.Bd3 Bb7 16.a3 Qc8 17.Rd2 Nf6 18.Ne4 Nxe4 19.Bxe4
Rd8 20.Rxd8+ Nxd8 21.Rc1 Qxc2 22.Bxc2 Rc8 23.Kf1 Be4 24.Ne1 Bf6
25.b3 Kf8 26.f3 Bxc2 27.Rxc2 Rxc2 28.Nxc2 Nc6 29.Ke2 Na5 30.b4
Nc4 31.Kd3 Ke7 32.a4 Nb2+ 33.Ke4 Nxa4 34.Nd4 Kd7 35.Nb3 Bc3 36.Be5
f5+ 37.Kf4 g5+ 0-1

[Event "Ïåðâåíñòâî Ìîñêâû ïî øàõìàòàì 2015 ñðåäè ìàëü÷èêîâ (Ì13)"]
[Site "Moscow"]
[Date "2015.11.12"]
[Round "1.23"]
[White "Àáäóðàèìîâ, Ýñìåò"]
[Black "Ñìåëûõ, Ýäâèí"]
[Result "1-0"]
[WhiteElo "1688"]
[BlackElo "1381"]
[PlyCount "0"]
[EventDate "2015.11.12"]

1.e4 c5 2.Nf3 d6 3.d4 cxd4 4.Nxd4 Nf6 5.Nc3 g6 6.Bc4 Bg7 7.f3
Nc6 8.Be3 O-O 9.Qd2 Nd7 10.h4 h5 11.Nce2 Nde5 12.Bb3 Na5 13.Bh6
Nac4 14.Qg5 Qa5+ 15.Kf2 Bxh6 16.Qxh6 Qd2 17.Qxd2 Nxd2 18.Rhd1
Ndc4 19.Bxc4 Nxc4 20.b3 Ne5 21.Nc3 Rd8 22.Nd5 Kf8 23.Nc7 Rb8
24.Ndb5 a6 25.Nd4 Bd7 26.a4 Nc6 27.Nd5 Nxd4 28.Rxd4 Rbc8 29.c4
a5 30.Nc3 Rc5 31.Rad1 Rdc8 32.Nd5 Be6 33.Ke3 Bxd5 34.exd5 Kg7
35.Kf4 Re8 36.g4 hxg4 37.fxg4 Rh8 38.Kg3 Rc7 39.Re4 Kf6 40.Rde1
Re8 41.g5+ Kg7 42.Kg4 Kg8 43.Kf3 Kg7 44.R1e3 Kg8 45.Ke2 Kg7 46.Kd2
Kg8 47.Kc3 Kg7 48.b4 b6 49.bxa5 bxa5 50.Re2 Rb7 51.c5 Rc7 52.c6
e6 53.Kd3 Rb8 54.dxe6 Rxc6 55.e7 Re8 56.Rc4 Rb6 57.Kd4 Rb7 58.Kd5
Rexe7 59.Rxe7 Rxe7 60.Kxd6 Rb7 61.Rc5 Rb4 62.Rxa5 Rxh4 63.Ra8
Rg4 64.a5 Rxg5 65.a6 Ra5 66.a7 Kf6 67.Kc7 Kg5 68.Kb6 Ra1 69.Rf8
f5 70.a8Q Rxa8 71.Rxa8 1-0

[Event "Ïåðâåíñòâî Ìîñêâû ïî øàõìàòàì 2015 ñðåäè ìàëü÷èêîâ (Ì13)"]
[Site "Moscow"]
[Date "2015.11.12"]
[Round "1.24"]
[White "Èâàíîâ, Ñòåïàí"]
[Black "Êàðëîâ, Åãîð"]
[Result "1-0"]
[WhiteElo "1381"]
[BlackElo "1681"]
[PlyCount "0"]
[EventDate "2015.11.12"]

1.d4 d5 2.c4 Bf5 3.Nc3 e6 4.Nf3 Nf6 5.Bg5 c6 6.e3 Be7 7.Bd3 Bxd3
8.Qxd3 O-O 9.O-O Nbd7 10.cxd5 Nxd5 11.Bxe7 Qxe7 12.e4 Nxc3 13.bxc3
Rad8 14.Rab1 b6 15.Rfd1 Nf6 16.Ne5 Qc7 17.f3 c5 18.Qc4 Rc8 19.Rbc1
Nd7 20.Ng4 cxd4 21.Qxc7 Rxc7 22.cxd4 Rfc8 23.Rxc7 Rxc7 24.Ne3
g6 25.d5 Nc5 26.Rc1 Rd7 27.dxe6 fxe6 28.Rd1 Rxd1+ 29.Nxd1 Nd3
30.Nc3 Kf7 31.Kf1 Kf6 32.Ke2 Nc5 33.Ke3 g5 34.Kd4 a6 35.h3 h6
36.g3 Nd7 37.Na4 Ke7 38.e5 Kf7 39.Nb2 Kg6 40.g4 h5 41.Nc4 hxg4
42.hxg4 Nc5 43.Nxb6 Nb7 1-0

[Event "Ïåðâåíñòâî Ìîñêâû ïî øàõìàòàì 2015 ñðåäè ìàëü÷èêîâ (Ì13)"]
[Site "Moscow"]
[Date "2015.11.12"]
[Round "1.25"]
[White "Çàêèðîâ, Àðòóð"]
[Black "Ðóñòàìîâ, Ñåçãèí"]
[Result "1/2-1/2"]
[WhiteElo "1648"]
[BlackElo "1351"]
[PlyCount "0"]
[EventDate "2015.11.12"]

1.e4 e5 2.Nf3 Nc6 3.Bc4 Bc5 4.c3 Nf6 5.d4 exd4 6.e5 d5 7.Bb5
Ne4 8.cxd4 Bb4+ 9.Bd2 Bxd2+ 10.Nbxd2 Nxd2 11.Bxc6+ bxc6 12.Nxd2
O-O 13.O-O c5 14.dxc5 Qe7 15.Nf3 Qxc5 16.Rc1 Qb6 17.Qc2 h6 18.Rfd1
Be6 19.Rd2 Rac8 20.Qa4 c5 21.Nh4 Rfd8 22.Qf4 Qb4 23.Qxb4 cxb4
24.Rdd1 Bg4 25.f3 Be6 26.f4 d4 27.a3 b3 28.Rxc8 Bxc8 29.Kf2 Ba6
30.Nf3 d3 31.Ne1 Kf8 1/2-1/2

[Event "Ïåðâåíñòâî Ìîñêâû ïî øàõìàòàì 2015 ñðåäè ìàëü÷èêîâ (Ì13)"]
[Site "Moscow"]
[Date "2015.11.12"]
[Round "1.26"]
[White "Æóê, Êèðèëë"]
[Black "×èêîâàíè, Äàâèä"]
[Result "0-1"]
[WhiteElo "1351"]
[BlackElo "1642"]
[PlyCount "0"]
[EventDate "2015.11.12"]

1.e4 e5 2.Nf3 Nc6 3.Bc4 Bc5 4.c3 Nf6 5.d4 exd4 6.cxd4 Bb4+ 7.Bd2
Bxd2+ 8.Nbxd2 d5 9.exd5 Nxd5 10.Qb3 Nce7 11.O-O O-O 12.Rfe1 c6
13.Ne5 Qb6 14.Qxb6 axb6 15.a3 Be6 16.Ne4 h6 17.Rac1 Rfd8 18.h3
Nc7 19.Nf3 Ra4 20.Ned2 Nf5 21.Bb3 Bxb3 22.Nxb3 Ne6 23.Rcd1 Nfxd4
24.Nbxd4 Nxd4 25.Nxd4 Raxd4 26.Rxd4 Rxd4 27.Re7 Rd1+ 28.Kh2 Rd2
29.b4 Rxf2 30.Rxb7 b5 31.Rc7 Rc2 32.Rc8+ Kh7 33.Rc7 f6 34.Ra7
Rc3 35.Rc7 Rxa3 36.Rxc6 Rb3 37.Kg1 Rxb4 0-1

[Event "Ïåðâåíñòâî Ìîñêâû ïî øàõìàòàì 2015 ñðåäè ìàëü÷èêîâ (Ì13)"]
[Site "Moscow"]
[Date "2015.11.12"]
[Round "1.27"]
[White "Âäîâèí, Ãåîðãèé"]
[Black "Èâàíîâ, Åãîð"]
[Result "1-0"]
[WhiteElo "1640"]
[BlackElo "1348"]
[PlyCount "0"]
[EventDate "2015.11.12"]

1.d4 Nf6 2.Bf4 e6 3.e3 c5 4.c3 d5 5.Nf3 Nc6 6.Be2 Be7 7.O-O O-O
8.h3 c4 9.b3 b5 10.a4 bxa4 11.bxc4 dxc4 12.Qxa4 Bd7 13.Qxc4 Nd5
14.Bh2 Nb6 15.Qd3 a5 16.Na3 Bxa3 17.Rxa3 a4 18.c4 Nb4 19.Qc3
Qe7 20.Rb1 Rab8 21.Bxb8 Rxb8 22.Qxb4 Qxb4 23.Rxb4 1-0

[Event "Ïåðâåíñòâî Ìîñêâû ïî øàõìàòàì 2015 ñðåäè ìàëü÷èêîâ (Ì13)"]
[Site "Moscow"]
[Date "2015.11.12"]
[Round "1.28"]
[White "Èëüþøèí, Òèìîôåé"]
[Black "Êóðóñü, Àðòåì"]
[Result "1/2-1/2"]
[WhiteElo "1336"]
[BlackElo "1630"]
[PlyCount "0"]
[EventDate "2015.11.12"]

1.d4 Nf6 2.Nf3 g6 3.Bg5 Bg7 4.e3 O-O 5.Nbd2 d6 6.Bd3 Nbd7 7.c3
e5 8.dxe5 dxe5 9.Bc2 c6 10.Nc4 e4 11.Bxe4 h6 12.Bxf6 Qxf6 13.Qd6
Qxd6 14.Nxd6 f5 15.Bc2 Ne5 16.Nxe5 Bxe5 17.Nxc8 Raxc8 18.Bb3+
Kg7 19.Rd1 Rcd8 20.Rxd8 Rxd8 21.Ke2 g5 22.h3 f4 23.Rd1 Rxd1 24.Kxd1 1/2-1/2

[Event "Ïåðâåíñòâî Ìîñêâû ïî øàõìàòàì 2015 ñðåäè ìàëü÷èêîâ (Ì13)"]
[Site "Moscow"]
[Date "2015.11.12"]
[Round "1.29"]
[White "Öûìáàë, Åâãåíèé"]
[Black "Øèÿôåòäèíîâ, Äàíèèë"]
[Result "1-0"]
[WhiteElo "1628"]
[BlackElo "1334"]
[PlyCount "0"]
[EventDate "2015.11.12"]

1.e4 e5 2.Nf3 Nc6 3.Bb5 a6 4.Ba4 Nf6 5.O-O Be7 6.Re1 b5 7.Bb3
O-O 8.c3 d6 9.h3 Nb8 10.d4 Nbd7 11.Be3 Bb7 12.dxe5 dxe5 13.Nbd2
Nxe4 14.Nxe4 Bxe4 15.Nxe5 Nxe5 16.Bd4 Bxg2 17.Kxg2 Ng6 18.Qg4
Bf6 19.Bc5 Re8 20.Rad1 Qc8 21.Qxc8 Raxc8 22.a4 Nf4+ 23.Kg3 Ne6
24.Be3 Rcd8 25.axb5 axb5 1-0

[Event "Ïåðâåíñòâî Ìîñêâû ïî øàõìàòàì 2015 ñðåäè ìàëü÷èêîâ (Ì13)"]
[Site "Moscow"]
[Date "2015.11.12"]
[Round "1.30"]
[White "Áîãåð, Þðèé"]
[Black "Âèíîêóð, Ëåîíèä"]
[Result "0-1"]
[WhiteElo "1321"]
[BlackElo "1625"]
[PlyCount "0"]
[EventDate "2015.11.12"]

1.e4 e6 2.d4 d5 3.exd5 exd5 4.Bd3 Nf6 5.Ne2 c5 6.c3 Bd6 7.h3
O-O 8.O-O Qc7 9.dxc5 Bxc5 10.Bf4 Qb6 11.Qb3 Qxb3 12.axb3 Nc6
13.b4 Bb6 14.b5 Ne7 15.Bd6 Re8 16.Ng3 Ng6 17.Na3 Be6 18.Kh1 Rad8
19.Bb4 Nf4 20.Rad1 g6 21.b3 h5 22.Ne2 Nxe2 23.Bxe2 Bxh3 24.Bxh5
Bxg2+ 25.Kxg2 Nxh5 26.c4 Bc7 27.c5 Nf4+ 28.Kf3 Re4 29.Bc3 Ne2
30.Nb1 f5 31.Rh1 d4 32.Bb2 Rde8 33.Nd2 Rf4+ 34.Kg2 Ba5 35.Nc4
Bc3 36.Bc1 Nxc1 37.Rxc1 Re2 0-1